Sports Quiz

Random Sports Quiz

Players who average a double double their whole career? Quiz Stats

 Plays Quiz not verified by Sporcle

Challenge
Share
Tweet
Embed
Score 0/39 Timer 05:00
0 Plays Today
Primary Team Player % Correct
Warriors*Wilt Chamberlain
79.4%
Lakers*Magic Johnson
76.6%
Spurs**Tim Duncan
72.3%
Lakers*Shaquille O'neal
67.4%
Celtics*Larry Bird
66%
Jazz*Karl Malone
66%
Timberwolves**Kevin Garnett
63.8%
Celtics*Bill Russell
63.8%
Jazz*John Stockton
63.8%
Lakers*Kareem Abdul-Jabbar
61%
Rockets*Moses Malone
57.4%
Spurs*David Robinson
57.4%
Magic**Dwight Howard
53.9%
76ers*Charles Barkley
53.2%
Wizards*Gus Johnson
53.2%
Rockets*Hakeem Olajuwon
51.8%
Lakers*Elgin Baylor
44%
Hawks*Bob Pettit
40.4%
Wizards*Elvin Hayes
33.3%
Knicks*Willis Reed
33.3%
Primary Team Player % Correct
Wizards*Wes Unseld
31.9%
Celtics*Dave Cowens
29.8%
Pistons*Bob Lanier
27.7%
Hawks*Walt Bellamy
24.8%
76ers*Dolph Schayes
24.8%
Warriors*Nate Thurmond
20.6%
Bulls*Artis Gilmore
19.9%
Pistons*Dave Debusschere
19.1%
CavaliersElmore Smith
17.7%
76ers*Billy Cunningham
17%
Kings*Jerry Lucas
14.9%
Warriors*Neil Johnston
11.3%
ClippersSwen Nater
7.1%
Knicks*Harry Gallatin
5.7%
LakersHappy Hairston
5.7%
PistonsWalter Dukes
4.3%
HawksZelmo Beaty
3.5%
HawksBill Bridges
3.5%
76ersRed Kerr
3.5%

You're not logged in!

Compare scores with friends on all Sporcle quizzes.
Join for Free
OR
Log In

You Might Also Like...

Show Comments

Extras

Top Quizzes Today


Score Distribution

Your Account Isn't Verified!

In order to create a playlist on Sporcle, you need to verify the email address you used during registration. Go to your Sporcle Settings to finish the process.

Report this User

Report this user for behavior that violates our Community Guidelines.

Details: